<?xml version="1.0" encoding="UTF-8"?><?xml-stylesheet type="text/xsl" href="static/style.xsl"?><OAI-PMH xmlns="http://www.openarchives.org/OAI/2.0/" xmlns:xsi="http://www.w3.org/2001/XMLSchema-instance" xsi:schemaLocation="http://www.openarchives.org/OAI/2.0/ http://www.openarchives.org/OAI/2.0/OAI-PMH.xsd"><responseDate>2026-04-27T18:10:33Z</responseDate><request verb="GetRecord" identifier="oai:riubu.ubu.es:10259/9673" metadataPrefix="marc">https://riubu.ubu.es/oai/request</request><GetRecord><record><header><identifier>oai:riubu.ubu.es:10259/9673</identifier><datestamp>2024-11-08T07:57:37Z</datestamp><setSpec>com_10259_4731</setSpec><setSpec>com_10259_5086</setSpec><setSpec>com_10259_2604</setSpec><setSpec>col_10259_9672</setSpec></header><metadata><record xmlns="http://www.loc.gov/MARC21/slim" xmlns:doc="http://www.lyncode.com/xoai" xmlns:xsi="http://www.w3.org/2001/XMLSchema-instance" xmlns:dcterms="http://purl.org/dc/terms/" xsi:schemaLocation="http://www.loc.gov/MARC21/slim http://www.loc.gov/standards/marcxml/schema/MARC21slim.xsd">
<leader>00925njm 22002777a 4500</leader>
<datafield tag="042" ind1=" " ind2=" ">
<subfield code="a">dc</subfield>
</datafield>
<datafield tag="720" ind1=" " ind2=" ">
<subfield code="a">Jiménez Torres, Nadia Huitzilin</subfield>
<subfield code="e">author</subfield>
</datafield>
<datafield tag="720" ind1=" " ind2=" ">
<subfield code="a">San Martín Gutiérrez, Sonia</subfield>
<subfield code="e">author</subfield>
</datafield>
<datafield tag="720" ind1=" " ind2=" ">
<subfield code="a">García-Gallego, José Manuel</subfield>
<subfield code="e">author</subfield>
</datafield>
<datafield tag="260" ind1=" " ind2=" ">
<subfield code="c">2023</subfield>
</datafield>
<datafield tag="520" ind1=" " ind2=" ">
<subfield code="a">The present chapter explores the role of place-of-origin-related variables as antecedents of quality perception and loyalty toward American fast-food brands. The cognitive appraisal approach and the social identity theory help to propose a model that connects individual-related variables (animosity, ethnocentrism, metacognitive cultural intelligence) and brand-related variables (inner self-expressive brand, perceived quality and brand loyalty). The presented model was tested through empirical observation with 287 consumers of American fast-food brands. Partial least squares path modelling (SmartPLS3) was employed as a method to analyze the data. Results disclose a cognition-affection-behavior path that goes from metacognitive cultural intelligence to emotions such as animosity and inner self-expressive brand and, ultimately, behavioral brand loyalty. This investigation provides novel insight into key variables such as metacognitive cultural intelligence or the inner self-expressive brand in the field of place-of-origin regarding the service sector of restaurants.</subfield>
</datafield>
<datafield tag="024" ind2=" " ind1="8">
<subfield code="a">978-992-716-733-1</subfield>
</datafield>
<datafield tag="024" ind2=" " ind1="8">
<subfield code="a">978-992-716-732-4</subfield>
</datafield>
<datafield tag="024" ind2=" " ind1="8">
<subfield code="a">http://hdl.handle.net/10259/9673</subfield>
</datafield>
<datafield ind1=" " ind2=" " tag="653">
<subfield code="a">Place-of-Origin</subfield>
</datafield>
<datafield ind1=" " ind2=" " tag="653">
<subfield code="a">Perceived quality</subfield>
</datafield>
<datafield ind1=" " ind2=" " tag="653">
<subfield code="a">Brand loyalty</subfield>
</datafield>
<datafield ind1=" " ind2=" " tag="653">
<subfield code="a">Inner self-expressive brand</subfield>
</datafield>
<datafield ind1=" " ind2=" " tag="653">
<subfield code="a">Ethnocentrism</subfield>
</datafield>
<datafield ind1=" " ind2=" " tag="653">
<subfield code="a">Animosity</subfield>
</datafield>
<datafield ind1=" " ind2=" " tag="653">
<subfield code="a">Cultural intelligence</subfield>
</datafield>
<datafield ind1=" " ind2=" " tag="653">
<subfield code="a">Fast-food restaurants</subfield>
</datafield>
<datafield tag="245" ind1="0" ind2="0">
<subfield code="a">Place-of-origin Effects on Brand Loyalty: American Fast-Food Restaurants Under Examination</subfield>
</datafield>
</record></metadata></record></GetRecord></OAI-PMH>